| 000 | 00459nam a22001937a 4500 | ||
|---|---|---|---|
| 003 | MPLRDC | ||
| 005 | 20220104193722.0 | ||
| 008 | 210129b ||||| |||| 00| 0 eng d | ||
| 020 | _a978-986-173-597-9 | ||
| 082 | _a856.91 MJH-9 | ||
| 100 | _a马家辉 | ||
| 245 |
_a爱。江湖 _c |
||
| 250 | _a初版 | ||
| 260 |
_a台湾 _b麦田出版 _c2010 |
||
| 300 | _b平 | ||
| 490 | _a马家辉作品集: 02 | ||
| 650 | _a杂项 | ||
| 942 |
_cBK _o856.91 MJH-9 |
||
| 999 |
_c65331 _d65321 |
||